| 000 | 01313nam a2200313 a 4500 | ||
|---|---|---|---|
| 001 | ebr10400660 | ||
| 003 | CaPaEBR | ||
| 006 | m u | ||
| 007 | cr cn||||||||| | ||
| 008 | 100720s2010 stk sb 001 0 eng d | ||
| 020 | _z9780748633128 (hardback) | ||
| 020 | _z9780748633135 (e-book) | ||
| 040 |
_aCaPaEBR _cCaPaEBR |
||
| 035 | _a(OCoLC)658202569 | ||
| 050 | 1 | 4 |
_aPN1995.9.T728 _bE44 2010eb |
| 100 | 1 | _aEleftheriotis, Dimitris. | |
| 245 | 1 | 0 |
_aCinematic journeys _h[electronic resource] : _bfilm and movement / _cDimitris Eleftheriotis. |
| 260 |
_aEdinburgh : _bEdinburgh University Press, _c2010. |
||
| 300 | _avi, 208 p. | ||
| 504 | _aIncludes bibliographical references and index. | ||
| 505 | 0 | _apt. 1. Mobile vision -- pt. 2. Cinematic journeys -- pt. 3. Travelling films. | |
| 533 |
_aElectronic reproduction. _bPalo Alto, Calif. : _cebrary, _d2010. _nAvailable via World Wide Web. _nAccess may be limited to ebrary affiliated libraries. |
||
| 650 | 0 | _aTravel in motion pictures. | |
| 650 | 0 | _aEmigration and immigration in motion pictures. | |
| 650 | 0 |
_aMotion pictures _xHistory. |
|
| 655 | 7 |
_aElectronic books. _2local |
|
| 710 | 2 | _aebrary, Inc. | |
| 856 | 4 | 0 |
_uhttp://site.ebrary.com/lib/rucke/Doc?id=10400660 _zAn electronic book accessible through the World Wide Web; click to view |
| 999 |
_c94245 _d94245 |
||